Operations research : (Record no. 192757)
[ view plain ]
| 000 -LEADER | |
|---|---|
| fixed length control field | 00694nam a2200229Ia 4500 |
| 005 - DATE AND TIME OF LATEST TRANSACTION | |
| control field | 20220621150654.0 |
| 008 - FIXED-LENGTH DATA ELEMENTS--GENERAL INFORMATION | |
| fixed length control field | 210716s2011 xx 000 0 und d |
| 020 ## - INTERNATIONAL STANDARD BOOK NUMBER | |
| International Standard Book Number | 9788125931393 |
| 040 ## - CATALOGING SOURCE | |
| Transcribing agency | AIMIT LIBRARY |
| 041 ## - LANGUAGE CODE | |
| Language code of text/sound track or separate title | eng |
| 082 ## - DEWEY DECIMAL CLASSIFICATION NUMBER | |
| Classification number | 003 |
| Edition number | 3 |
| Item number | KALS |
| 100 ## - MAIN ENTRY--PERSONAL NAME | |
| Personal name | Kalavathy, S. |
| 9 (RLIN) | 44273 |
| 245 ## - TITLE STATEMENT | |
| Title | Operations research : |
| Remainder of title | with c programs / |
| Statement of responsibility, etc. | By S Kalavathy. |
| 250 ## - EDITION STATEMENT | |
| Edition statement | 3rd ed. |
| 260 ## - PUBLICATION, DISTRIBUTION, ETC. | |
| Place of publication, distribution, etc. | New Delhi : |
| Name of publisher, distributor, etc. | Vikas Publishing House Pvt Ltd , |
| Date of publication, distribution, etc. | 2011. |
| 300 ## - PHYSICAL DESCRIPTION | |
| Extent | xv,551p. ; |
| 650 ## - SUBJECT ADDED ENTRY--TOPICAL TERM | |
| Topical term or geographic name entry element | Linear programming |
| 9 (RLIN) | 44274 |
| 650 ## - SUBJECT ADDED ENTRY--TOPICAL TERM | |
| Topical term or geographic name entry element | Goal programming |
| 9 (RLIN) | 44275 |
| 650 ## - SUBJECT ADDED ENTRY--TOPICAL TERM | |
| Topical term or geographic name entry element | Integer programming problems |
| 9 (RLIN) | 44276 |
| 650 ## - SUBJECT ADDED ENTRY--TOPICAL TERM | |
| Topical term or geographic name entry element | Inventory control |
| 9 (RLIN) | 44277 |
| 942 ## - ADDED ENTRY ELEMENTS (KOHA) | |
| Source of classification or shelving scheme | Dewey Decimal Classification |
| Koha item type | Book |
| Edition | 3rd |
| Call number prefix | 003 KALS |
| Withdrawn status | Lost status | Source of classification or shelving scheme | Damaged status | Not for loan | Collection code | Home library | Current library | Shelving location | Date acquired | Source of acquisition | Cost, normal purchase price | Inventory number | Total Checkouts | Full call number | Barcode | Date last seen | Cost, replacement price | Price effective from | Koha item type | Date last checked out |
|---|---|---|---|---|---|---|---|---|---|---|---|---|---|---|---|---|---|---|---|---|
| Dewey Decimal Classification | Reference Book | MCA | St Aloysius Institute of Management & Information Technology | St Aloysius Institute of Management & Information Technology | Operations research | 02/12/2025 | Higginbothams Pvt Ltd | 290.00 | Bill no:81; Bill dt:2012-10-09 | 003 KALS | MCA12265 | 07/21/2025 | 217.50 | 07/16/2021 | Book | |||||
| Dewey Decimal Classification | MCA | St Aloysius Institute of Management & Information Technology | St Aloysius Institute of Management & Information Technology | Operations research | 02/12/2025 | Higginbothams Pvt Ltd | 290.00 | Bill no:81; Bill dt:2012-10-09 | 1 | 003 KALS | MCA12266 | 04/21/2026 | 217.50 | 07/16/2021 | Book | 04/17/2026 | ||||
| Dewey Decimal Classification | MCA | St Aloysius Institute of Management & Information Technology | St Aloysius Institute of Management & Information Technology | Operations research | 02/12/2025 | Higginbothams Pvt Ltd | 290.00 | Bill no:81; Bill dt:2012-10-09 | 2 | 003 KALS | MCA12267 | 04/21/2026 | 217.50 | 07/16/2021 | Book | 04/17/2026 |